1500 1139 1509 1539 1628 1052 1642 1121 1942 1373 1306 1365 1982 1453 1777 1488 1368 1082 1082 1564 1547 1268 1921 1171 1041 1014 1006 1989 1710 1012 1833 1764 1127 1078 1468 1920 1259 1204 1578 1041 1921 1969 1435 1916 1398 1632 1428 1432 1241 1765 1154 1724 1873 1593 1305 1070 1691 1153 1996 1271 1998 1624 1297 1981 1567 1247 1431 1134 1901 1755 1362 1431 1865 1179 1654 1252 1353 1076 1932 1189 1803 1220 1409 1538 1082 1515 1118 1499 1530 1843 1127 1835 1972 1131 1968 1402 1758 1003 1978 BCNSPRNW ULIB Ver.6.0+V

เปลี่ยนเป็นภาษาไทย

Change to English
 แสดงรายละเอียดบรรณานุกรม
  กลับหน้าหลัก

Brief Record : Get Marc (ISO 2709) : E-mail record : QR code < ปิดหน้าต่าง
LEADER : 00000nam 2200000uu 4500
001    13399127057
003     ULIB
008    020711s2557 th a 000 0 tha d
020    ^a9786162274336
060    ^aWS103^bต-ต
100    ^aตุ๊บปอง
245    ^aแตะ เตาะ เหาะ เหอะ ชุดสนุกนึก สนุกนับ
250    ^aพิมพ์ครั้งที่ 1
260    ^aกรุงเทพฯ :^bบริษัท แปลน ฟอร์ คิดส์ จำกัด,^c2557
300    ^a24 หน้า;^b21 ซม.
650    ^aเด็ก^xการเรียนการสอน
945    ^p95^l0^i006245
999    ^aประนอม เกษจรัล
รายการนี้ยังไม่มีแท็ก
คุณยังไม่ได้ล็อกอิน คุณสามารถมีกิจกรรมร่วมกับเว็บไซต์ได้ แต่ต้องล็อกอินก่อน ::
  ล็อกอิน

รายการสื่อสารสนเทศ

ลำดับที่ ประเภท เลขเรียก/บาร์โค้ด สถานที่ สถานะ
1. วิทยาศาสตร์การแพทย์ และสุขภาพ
วิทยาศาสตร์การแพทย์ และสุขภาพ
WS103 ต-ต ฉ.1 
  Barcode: 006245
ห้องสมุดวิทยาเขตสวรรค์ประชารักษ์
►หนังสือทั่วไป
บนชั้น

รายการใกล้เคียง
    ผู้แต่ง [ตุ๊บปอง]

BibComment


ยังไม่เคยถูกคอมเมนท์

คอมเมนท์ทรัพยากรรายการนี้
  คอมเมนท์: แตะ เตาะ เหาะ เห..


 Copyright 2026. Bcnsprnw @Library